| 000 | 00557nam a2200217Ia 4500 | ||
|---|---|---|---|
| 001 | 15321 | ||
| 003 | GE_BSU | ||
| 008 | 181216s||||||||xx |||||||||||||| ||und|| | ||
| 040 | _cGE_BSU | ||
| 080 | _a821.353.1-31 | ||
| 100 | _aშანშაშვილი,დიმიტრი | ||
| 245 | _aშირაქი. | ||
| 245 | _bრომანი | ||
| 260 | _aთბილისი | ||
| 260 | _bმერანი | ||
| 260 | _c1972 | ||
| 300 | _a236გვ.20სმ. | ||
| 653 | _aრომანი | ||
| 653 | _aშირაქი. | ||
| 942 | _cBK | ||
| 999 |
_c48429 _d48429 |
||